00481 a2200157 4500001000700000003000400007005001700011008004100028020001800069082002100087100001900108245012700127260003800254300001000292700002100302146926OSt20210908125148.0  a9788125053552 a306.850954bK16M1 aKaur, Ravinder1 aMarrying in South Asia: shifting concepts, changing practices in a globalising worldcby Ravinder Kaur and Rajni Palrieala aHyderabadbOrient BlackSwanc2014 a420p. aPalrieala, Rajni